| 000 | 00804nam a22003017a 4500 | ||
|---|---|---|---|
| 001 | BR8206770 | ||
| 003 | BR-BrBNA | ||
| 005 | 20230928091532.0 | ||
| 007 | ta | ||
| 008 | 230509b bl.||||| |||| 00| 0 por d | ||
| 040 |
_aBR-BrBNA _bpor _cBiblioteca Nacional de Agricultura |
||
| 041 | _a(Por) | ||
| 072 |
_aL73 _b5100 _b4150 |
||
| 090 | _ 5100 BR8206770 | ||
| 100 | 1 | _aFaria, J.E. de | |
| 100 | 1 | _aSantos, J.L. dos | |
| 110 | 1 |
_aUniversidade Federal de Vicosa, MG (Brasil). Depto. de Veterinaria _910992 |
|
| 245 | 1 |
_aInfluenza equina [gripe] _bno. 122 |
|
| 260 | 3 |
_aVicosa, MG (Brasil): _c1982. |
|
| 300 | _a12 p. | ||
| 500 | _a37 ref. | ||
| 650 | _aEQUINO | ||
| 650 | _aGRIPE | ||
| 650 | _aEPIDEMIOLOGIA | ||
| 650 | _aPROFILAXIA | ||
| 909 |
_a202309 _bLucia _c55 _dLucia Elande |
||
| 942 | _cBK | ||
| 999 |
_c34298 _d34298 |
||